000 01086nam a22003257a 4500
003 CHAP
005 20220329140308.0
008 971013s1975 r 00010 d
010 _a49926
011 _a50898
035 _a55048
040 _cCHAP
090 _aTesis
100 0 0 _aVillarrela González, Diana Rebeca.
_9119673
245 _aConsideraciones teóricas sobre la conceptualización del fenómeno de la marginalidad urbana
260 _aMonterrey, N.L. :
_bEl autor,
_c1975
300 _a135 h.
502 _aTesis (Lic. en Economía) -- Univ. Autónoma de Nuevo León. Fac. de Economía
590 _aALEPH
_b10
_c20130110
_lUCH01
_h1323
590 _aBATCH-UPD
_b10
_c20130110
_lUCH01
_h0720
590 _aBATCH-UPD
_b10
_c20130410
_lUCH01
_h0405
590 _aBATCH-UPD
_b10
_c20130914
_lUCH01
_h1026
590 _aCONVERSION
_b10
_c20130109
_lUCH01
_h1327
650 1 4 _aCondiciones sociales.
_926332
650 1 4 _aEmigración e inmigración.
_936517
650 1 4 _aVida Urbana.
_9119215
901 _aBK
942 _cTESIS
949 _bBC
_cTES
_d-121056
_eTS1
_i55048
_si
999 _c49926
_d49926